<?xml version="1.0" encoding="UTF-8"?>
<collection xmlns="http://www.loc.gov/MARC21/slim">
 <record>
  <leader>00563nam a22001455a 4500</leader>
  <controlfield tag="001">EEA.libagro004850</controlfield>
  <controlfield tag="005">20181022121831.0</controlfield>
  <controlfield tag="008">130809b1994####ag#a##########000#0#spa#d</controlfield>
  <datafield tag="082" ind1="0" ind2="4">
   <subfield code="a">631.70982</subfield>
  </datafield>
  <datafield tag="100" ind1="1" ind2=" ">
   <subfield code="a">Luque, Jorge Alfredo.</subfield>
  </datafield>
  <datafield tag="245" ind1="1" ind2="3">
   <subfield code="a">El riego en la Argentina y su problemática /</subfield>
   <subfield code="c">Jorge Alfredo Luque, Juan Darío Paoloni.</subfield>
  </datafield>
  <datafield tag="300" ind1=" " ind2=" ">
   <subfield code="a">26 h. :</subfield>
   <subfield code="b">il. ;</subfield>
   <subfield code="c">28 cm.</subfield>
  </datafield>
  <datafield tag="500" ind1=" " ind2=" ">
   <subfield code="a">Curso suelos de regadío FAO-UNS, Bahía Blanca, 21/Nov. - 2/Dic. 1994. Documento de trabajo.</subfield>
  </datafield>
  <datafield tag="700" ind1="1" ind2=" ">
   <subfield code="a">Paoloni, Juan Darío.</subfield>
  </datafield>
  <datafield tag="859" ind1=" " ind2=" ">
   <subfield code="a">AR-BbBCA</subfield>
   <subfield code="b">BIB. AGRONOMIA</subfield>
   <subfield code="h">631.70982</subfield>
   <subfield code="i">L966</subfield>
   <subfield code="p">1994/2101</subfield>
  </datafield>
 </record>
</collection>
